Tuyển tập Nguyễn Công Hoan Ba tập Tập 3

Tuyển tập các bài ký, ghi chép, tham luận, phê bình văn học và văn phong và ngữ nghĩa của nhà văn Nguyễn Công Hoan

Αποθηκεύτηκε σε:
Λεπτομέρειες βιβλιογραφικής εγγραφής
Κύριος συγγραφέας: Nguyễn Công Hoan
Άλλοι συγγραφείς: Lê Minh (sưu tầm và tuyển chọn)
Μορφή: Βιβλίο
Γλώσσα:Vietnamese
Έκδοση: H. Văn học 1986
Σειρά:Văn học hiện đại Việt Nam
Θέματα:
Ετικέτες: Προσθήκη ετικέτας
Δεν υπάρχουν, Καταχωρήστε ετικέτα πρώτοι!
Thư viện lưu trữ: Mạng thư viện Đại học Đà Nẵng
LEADER 01426nam a2200385 4500
001 000005193
003 1336
005 20120416090431.0
008 110811s1986 viesd
020 |c 20000đ 
041 0 |a vie 
082 |a 895.9228  |b NG-H 
100 0 |a Nguyễn Công Hoan 
245 1 0 |a Tuyển tập Nguyễn Công Hoan  |b Ba tập  |c Lê Minh sưu tầm và tuyển chọn  |n Tập 3 
260 |a H.  |b Văn học  |c 1986 
300 |a 378 tr  |c 19 cm 
490 |a Văn học hiện đại Việt Nam 
504 |a Tập 3 
520 |a Tuyển tập các bài ký, ghi chép, tham luận, phê bình văn học và văn phong và ngữ nghĩa của nhà văn Nguyễn Công Hoan 
653 |a Văn học hiện đại 
653 |a Việt Nam 
653 |a tuyển tập 
700 |a Lê Minh  |e sưu tầm và tuyển chọn 
773 |t Tuyển tập Nguyễn Công Hoan  |w 1335 
910 |a Nguyễn Thị Kim Oanh  |d 11/08/ 2011 
OWN |a LSP 
AVA |a UDN50  |b LSP  |d 895.9228 NG-H  |e unavailable  |t Error 5002 Not defined in file expand_doc_bib_avail.  |f 2  |g 2  |h N  |i 0  |k 1 
999 |a From the UDN01 
AVA |a UDN50  |b LSP  |d 895.9228 NG-H  |e unavailable  |t Error 5002 Not defined in file expand_doc_bib_avail.  |f 2  |g 2  |h N  |i 0  |k 1 
TYP |a Monograph 
TYP |a Printed language 
980 |a Mạng thư viện Đại học Đà Nẵng